...

NIRU LIBRARY

National Security Cultures: (Record no. 73)

MARC details
000 -LEADER
fixed length control field 00698nam a22002057a 4500
003 - CONTROL NUMBER IDENTIFIER
control field OSt
005 - DATE AND TIME OF LATEST TRANSACTION
control field 20230620114649.0
008 - FIXED-LENGTH DATA ELEMENTS--GENERAL INFORMATION
fixed length control field 230620b |||||||| |||| 00| 0 eng d
020 ## - INTERNATIONAL STANDARD BOOK NUMBER
International Standard Book Number 9780415777438
022 ## - INTERNATIONAL STANDARD SERIAL NUMBER
International Standard Serial Number 9780415777438
040 ## - CATALOGING SOURCE
Transcribing agency NURIC
Modifying agency NURIC
050 ## - LIBRARY OF CONGRESS CALL NUMBER
Classification number JZ5588
Item number N38. 2010
100 ## - MAIN ENTRY--PERSONAL NAME
Personal name Sperling James
Dates associated with a name 2010
Relator term Editor
245 ## - TITLE STATEMENT
Title National Security Cultures:
Remainder of title patterns of global governance/
Statement of responsibility, etc. Edited By; Sperling James, Kirchner Emil J.
260 ## - PUBLICATION, DISTRIBUTION, ETC.
Place of publication, distribution, etc. Madison Avenue, New York;
Name of publisher, distributor, etc. Routledge:
Date of publication, distribution, etc. 2010.
300 ## - PHYSICAL DESCRIPTION
Extent xii, 308p,:
Other physical details ill;
Dimensions 23cm
650 ## - SUBJECT ADDED ENTRY--TOPICAL TERM
Source of heading or term National Security
700 ## - ADDED ENTRY--PERSONAL NAME
Personal name Sperling James, Kirchner Emil J.
Dates associated with a name 2010.
Relator term Edited by; Sperling james, Kirchner Emil J
942 ## - ADDED ENTRY ELEMENTS (KOHA)
Source of classification or shelving scheme Library of Congress Classification
Koha item type Books
Suppress in OPAC No
Holdings
Withdrawn status Lost status Source of classification or shelving scheme Damaged status Not for loan Home library Current library Shelving location Date acquired Total checkouts Full call number Barcode Date last seen Date last checked out Price effective from Koha item type
    Library of Congress Classification     NIRU LIBRARY NIRU LIBRARY On display 06/20/2023 1 JZ 5588 .N38 2023-0148 11/05/2025 11/05/2025 06/20/2023 Books
    Library of Congress Classification     NIRU LIBRARY NIRU LIBRARY On display 06/20/2023   JZ 5588 .N38 2023-0149 06/20/2023   06/20/2023 Books
    Library of Congress Classification     NIRU LIBRARY NIRU LIBRARY On display 06/23/2023   JZ 5588 .N38 2023-0475 06/23/2023   06/23/2023 Books
    Library of Congress Classification     NIRU LIBRARY NIRU LIBRARY On display 06/23/2023   JZ 5588 .N38 2023-0476 06/23/2023   06/23/2023 Books
Copyright © 2025&6. National Intelligence and Research University. All Rights Reserved.